| 000 | 01241nam a2200313 i 4500 | ||
|---|---|---|---|
| 001 | 000005801 | ||
| 003 | DO-SdBNP | ||
| 005 | 20251009105947.0 | ||
| 007 | ta | ||
| 008 | 090824s1994 dr 001 0 spa d | ||
| 040 |
_aDO-SdBNP _bspa _cBNPHU _erda |
||
| 041 | _aspa | ||
| 082 | 4 |
_a344.729301 _bH557m 1994 _222 |
|
| 100 |
_aHernández Rueda, Lupo, _d1930-2017 _eautor _4aut. _923790 |
||
| 245 | 1 | 0 |
_aManual de derecho del trabajo / _cLupo Hernández Rueda. |
| 250 | _aSexta edición ampliada, corregida y actualizada | ||
| 264 | 4 |
_aSano Domingo : _bEditora Corripio, _c©1994. |
|
| 300 |
_a volumenes ; _c23 cm. |
||
| 336 |
_atexto _btxt _2rdacontent |
||
| 337 |
_asin mediación _bn _2rdamedia |
||
| 338 |
_avolumen _bnc _2rdacarrier |
||
| 500 | _aSexta edición ampliada, corregida y actualizada con las reformas introducidas por el Código del Trabajo de 1992 y el reglamento para su aplicación. | ||
| 500 | _aIncluye referencias bibliográficas y notas al pie de las páginas | ||
| 590 | _aInventariado, 2018/DG | ||
| 650 | 4 |
_aDerecho laboral _zRepública Dominicana _vManuales _916403 |
|
| 650 | 4 |
_aLegislación laboral _zRepública Dominicana _vManuales _916404 |
|
| 910 | _aValidado. Control de calidad MMOLINA | ||
| 942 |
_2ddc _cLBS1 |
||
| 999 |
_c5597 _d5597 |
||